| 000 | 00729nam a2200253Ia 4500 | ||
|---|---|---|---|
| 003 | OSt | ||
| 005 | 20220925232539.0 | ||
| 006 | a|||||r|||| 00| 0 | ||
| 007 | ta | ||
| 008 | 220923b |||||||| |||| 00| 0 eng d | ||
| 037 | _cGeneral Book | ||
| 040 |
_aRTL _cRTL _beng |
||
| 041 |
_2eng _aeng |
||
| 082 | _aX:741.2.N9, N8/GD | ||
| 100 |
_aParikh J.C _9135008 |
||
| 245 | 0 |
_aDynamics of inflation in India _b A rural network ap |
|
| 260 |
_aMumbai _bR B I India _c1998 |
||
| 300 |
_a85p _ccm. |
||
| 490 | _aReserve Bank of India, Development Research Group; 16 | ||
| 650 | _a Economics | ||
| 650 | _aInflation | ||
| 942 |
_hX:741.2.N9, N8/GD _cGB _2CC |
||
| 999 |
_c591594 _d591594 |
||